000 00407nam a2200145 i 4500
001 85824
003 ES-MaACL
007 t|
008 041202s1982 sp ||||1| spa d
100 1 _aJunyent, José.
_967316
245 1 0 _aDe regreso a utopía /
_cJosé Junyent.
260 _aBarcelona :
_b[Argos Vergara,
_c1982] (
_fLinomonograph)
300 _a140 p. ;
_c20 cm.
852 _aES-MaACL
_jL-3507
_bR.104285
999 _c85824
_d85824